Detalles MARC
| 000 -CABECERA |
| campo de control de longitud fija |
01933nam a22002417a 4500 |
| 003 - IDENTIFICADOR DEL NÚMERO DE CONTROL |
| campo de control |
DO-SdBNP |
| 005 - FECHA Y HORA DE LA ÚLTIMA TRANSACCIÓN |
| campo de control |
20250205122040.0 |
| 007 - CAMPO FIJO DE DESCRIPCIÓN FÍSICA--INFORMACIÓN GENERAL |
| campo de control de longitud fija |
ta |
| 008 - DATOS DE LONGITUD FIJA--INFORMACIÓN GENERAL |
| campo de control de longitud fija |
210705b 2018 dr a 00| 0 eng d |
| 020 ## - NÚMERO INTERNACIONAL ESTÁNDAR DEL LIBRO |
| Número Internacional Estándar del Libro |
9789945494471 |
| 040 ## - FUENTE DE LA CATALOGACIÓN |
| Centro catalogador/agencia de origen |
DO-SdBNP |
| Lengua de catalogación |
sap |
| Centro/agencia transcriptor |
BNPHU |
| 082 #4 - NÚMERO DE LA CLASIFICACIÓN DECIMAL DEWEY |
| Número de clasificación |
BNPHU |
| 100 1# - ENTRADA PRINCIPAL--NOMBRE DE PERSONA |
| Nombre de persona |
Silié Ruiz, José |
| 9 (RLIN) |
71046 |
| 245 10 - MENCIÓN DE TÍTULO |
| Título |
Su cerebro y usted / |
| Mención de responsabilidad, etc. |
José Silié Ruiz ; coordinación general y prólogo Margarita Cedeño. |
| 260 ## - PUBLICACIÓN, DISTRIBUCIÓN, ETC. |
| Lugar de publicación, distribución, etc. |
Santo Domingo : |
| Nombre del editor, distribuidor, etc. |
Serigraf, |
| Fecha de publicación, distribución, etc. |
2018. |
| 300 ## - DESCRIPCIÓN FÍSICA |
| Extensión |
178 p. : |
| Otras características físicas |
il. ; |
| Dimensiones |
22 cm. |
| 500 ## - NOTA GENERAL |
| Nota general |
Incluye datos del autor en las solapas |
| 505 0# - NOTA DE CONTENIDO CON FORMATO |
| Nota de contenido con formato |
Prólogo / Margarita Cedeño – Presentación -- Cerebro, inteligencia e intelectualidad -- Cisticercosis cerebral -- Demencias por infartos -- ¿Dr. Silié, cuándo tendré Alzheimer? -- El cerebro y el vino -- El adulto hiperactivo -- El Alzheimer y su modernidad -- El beso y el cerebro -- El cerebro y la felicidad -- El cerebro y la buena comida -- El cerebro de mi nieta -- El cerebro del líder -- El cerebro ético (la evolución) -- El cerebro ético (la conciencia) -- El cerebro ético (la neuroética) -- El cerebro femenino -- El cerebro hetero y homosexual -- El cerebro, la felicidad y el amor -- El cerebro, la palabra y la poesía -- El cerebro político (I) -- El cerebro político (II) -- El cerebro, el hambre y las privaciones -- El cerebro y el orgasmo -- El cerebro y la anatomía del amor -- El cerebro, cibernética y ciberética -- El cerebro y la conciencia -- El cerebro y la infelicidad -- El cerebro, la audición y la música -- El cerebro, dama de 50 años -- Migraña y modernidad -- Maestro de la medicina -- Las epilepsias y la modernidad -- El Deterioro Cognitivo Ligero -- El cerebro, la serotonina y el aprendizaje -- La demencia, la vejez y la neuropenalidad. |
| 590 ## - NOTA LOCAL (RLIN) |
| Nota local |
Inventariado, 2021 /LP<br/><br/> |
| 700 1# - PUNTO DE ACCESO ADICIONAL--NOMBRE DE PERSONA |
| Nombre de persona |
Cedeño de Fernández, Margarita |
| Fechas asociadas al nombre |
1965- |
| Término indicativo de función/relación |
pról. |
| 9 (RLIN) |
37198 |
| 910 ## - DATOS DE OPCIÓN DEL USUARIO (OCLC) |
| Datos de opción del usuario |
LPérez |
| 942 ## - ELEMENTOS DE PUNTO DE ACCESO ADICIONAL (KOHA) |
| Fuente del sistema de clasificación o colocación |
Dewey Decimal Classification |
| Tipo de ítem Koha |
Libro |